00748 2200241 4500001002100000005001700021020002200038035002400060040001200084082001700096084002100113090002100134100001900155245014700174260003800321300002800359500003100387650002600418700001800444700001100462850001200473990002100485YOGYA00000000009857620140917134207.0 a978-602-229-202-6 0010-021400000000084 aYOPDYOG 2[22]a297.27 aDEP 297.27 Kho A aDEP 297.27 Kho A aKhoirul Faizin aAtas nama peradapan : Catatan reflektif tentang islam dan isu-isu modernitascKhoirul Faizin; editor, Fawaizul Umam; penyunting, Hafidz Hasyim aYogyakartabPustaka Pelajarc2013 axxvii, 281 hlm.c21 cm. aBibliografi : hlm. 275-278 aIslam dan ilmu sosial aFawaizul Umam aHafidz aYOPDYOG aCB-D.11-2013-487